Quizzes
Events
Quiz Creation
Community
Videos
Private Events
Remove Ads
Sign In
Join for FREE
Feedback
Dark Mode
Quiz Categories
Sports
Geography
Music
Movies
Television
Just For Fun
Miscellaneous
History
Literature
Language
Science
Gaming
Entertainment
Religion
Holiday
For Kids
Quiz Lab
Recent
Popular Today
Quiz Kudos Today
Editor Picks
Curator Picks
Quizzes by...
Day
Popularity
Type
Ratings
Length
Year
Community
Subscriptions
Recent Discussions
Orange Saloon
Badges
Playlists
Quests
Create
Leaderboards
Showdown
Live 5
Trivia Bingo
Activity
Puzzle Library
Sporcle Events
Private Events
Virtual Trivia
Globe League
Become a Host
Pub Owners
SporcleCon
Opinionation
Our Games
Videos
Blog
Mobile Apps
Partnerships
Remove Ads and Go Orange
Feedback
Music
Pop Music
The Beatles
Song
Album
Lyrics
Bands
Singers
Artist
Clip
Rock
Rap
Classical
Billboard
Country Music
Kpop
Taylor Swift
Music
Pop Music
The Beatles
Song
Album
Lyrics
Bands
Singers
Artist
Clip
Rock
Rap
Classical
Billboard
Country Music
Kpop
Taylor Swift
Random Quiz
Search Sporcle
×
Quiz Lab
Quiz Lab
Music
Artist
Type in answers that appear in a list
Type in answers that appear in a list
Classic
Best Score? Go Orange.
00's Number 1's By Intro (UK) Stats
Can you name the 00's Number 1's By Intro (UK)?
By
tomflow
7m
20 Questions
419 Plays
419 Plays
419 Plays
Comments
Comments
Give Quiz Kudos
Give Quiz Kudos
-
- Ratings
hide this ad
More Info
Replay
Link that replays current quiz
Next Quiz
Link to next quiz in quiz playlist
You Got
0%
They Got
Avg Score
61%
Avg Friend Score
Upgrade to see
Score Distribution
Jump to the score distribution portion of the page
Score
0/20
Timer
07:00
0
Plays Today
Time
Title
% Correct
1:00-
1:10
Toxic
94.5%
1:40-
1:50
I Gotta Feeling
90.5%
0:50-
1:00
Sex on Fire
89.5%
0:40-
0:50
Mercy
85.9%
2:54-
3:04
SexyBack
85.2%
2:07-
2:17
Can't Get You out of My Head
84.5%
0:00-
0:10
Welcome to the Black Parade
71.1%
1:50-
1:57
Fight For This Love
70.9%
1:20-
1:30
Five Colours in Her Hair
63.2%
0:30-
0:40
Just Like a Pill
60.9%
Time
Title
% Correct
2:47-
2:54
DARE
58.5%
0:10-
0:20
I Bet That You Look Good on the Dancefloor
53.7%
3:04-
3:12
The Fear
52.7%
0:20-
0:30
Killing in the Name
48.9%
2:37-
2:47
Dakota
47%
2:17-
2:27
The Importance of Being Idle
43.2%
1:10-
1:20
Groovejet (If This Ain't Love)
41.8%
1:30-
1:40
No Tomorrow
37.7%
1:57-
2:07
Baby Cakes
35.1%
2:27-
2:37
I Turn to You
20%
Quiz Playlist
Details
Report
Send in Message
Add To Playlist
More Info:
All songs made it to number 1 in the UK charts between 2000 and 2009
Classic:
Type in answers that appear in a list
Quiz Source
Last Updated: Feb 16, 2017
Quiz Scoreboard
CHALLENGE
Sign Up to Join the Scoreboard
Show All
Scores
Hide
Comments
May contain spoilers
Recently Published
Billboard Blitz: Fleetwood Mac
by CooCooCachoo
Music
15s
Presidents Visiting Landmarks
by Hejman
History
7m
An Introduction to Baseball
by treessimontrees
Sports
5m
More to Explore
Quiz From the Vault
Featured Blog Post
Where Did the Easter Bunny Come From?
hide this ad
You Might Also Like...
Tags
Artist Quiz
Numbers Quiz
intro
Today's Top Quizzes in Music
Browse Music
hide this ad
Today's Top Quizzes in Artist
Browse Artist
Top Contributed Quizzes in Music
1
Taylor Swift All Songs (2024)
2
Guess the Artist- 70s Songs
3
7-to-1: Billboard Hot 100 #1 Hits of 2010s
4
Sorting Albums and Songs
5
Taylor Swift Logic Puzzle
6
KPOP LOGIC QUIZ
7
One Thing in Common: Music
8
Guess the Taylor Swift song (Mystery Song)
9
2010s Album by Cover III
10
Guess The Taylor Swift Lyrics Song #1
Explore More
Trending Topics
Harry Potter
Marvel
Kpop
Anime
Disney
Crossword
NBA
Country
Song
WWE
The Office
NFL
Soccer
Pokémon
Puzzle
hide this ad
More By:
tomflow
Quiz
Plays
Rating
Category
Featured
Created
Geography Threesome Challenge
83,690
4.62
Geography
Aug 31, 2010
Geography Foursomes
7,973
3.95
Geography
Aug 31, 2010
Geography Fivesomes
4,473
4.16
Geography
Sep 1, 2010
Geography Foursomes II
4,427
4.10
Geography
Sep 2, 2010
Harry Potter Innuendo
3,422
3.70
Literature
Aug 16, 2010
Go to Creator's Profile
Score Distribution
Quiz Creator Spotlight
tomflow
Follow
Send a Message
Quizzes Created
-
Created Quiz Play Count
-
More By This Creator
Popular Quizzes Today
1
Find the US States - No Outlines Minefield
2
Find the Countries of Europe - No Outlines Minefield
3
The Countries of the World
4
Find the US States
5
Risky Map Clicking: Biggest States A-Z
6
US States
7
Popular People in 1961
8
Movies - When Are They Set?
More Music Quizzes
Female 'M' Singers Matching Blitz
Published
Trending Quizzes
Risky Map Clicking: Least Populous States A-Z
1-10 Letter G Words
1-10 Letter F Words
Risky Map Clicking: Next State Alphabetically
Click the Washington State Counties! (Map)
Recently Updated
Leaping Animals
pecheneg
Reality TV Shows (A-Z)
bhenderson79
Rickey Henderson's Hall of Fame Teammates
pecheneg
Champions League XIs: Arsenal
pecheneg
Quick Pick: Celebrities in WWE's Hall of Fame
aduchscher
A-Z Keypad Blitz II
pecheneg
Multiple Oscar Actors
pecheneg
Mystery Phrase Blitz: Oscar 'Best Actors'
pecheneg
F. Scott Fitzgerald Novels
LTH
Pick 3 Villains
ddd62291
Trending Topics
Harry Potter
Marvel
NBA
Anime
Crossword
Kpop
Disney
WWE
NFL
Country
Soccer
The Office
Pokémon
Song
Puzzle
Your Account Isn't Verified!
In order to create a playlist on Sporcle, you need to verify the email address you used during registration. Go to your
Sporcle Settings
to finish the process.
Report this User
Report this user for behavior that violates our
Community Guidelines
.
Details:
Send Report
Go to the Sporcle.com Mobile Site →
Comments